| 000 | 01108nam a2200313Ia 4500 | ||
|---|---|---|---|
| 001 | Para_5914 | ||
| 003 | CHAP | ||
| 008 | 220125s1984 xx 000 0 und d | ||
| 010 | _a204375 | ||
| 040 | _cCHAP | ||
| 090 | _aPA TESIS 212 | ||
| 100 |
_aMota Sánchez, David _979068 |
||
| 245 |
_aLos extractos acuosos de plantas silvestres como una alternativa para el combate de la conchuela del frijol Epilachna varivestis Muls. (Coleoptera : _b coccinellidae) / _c por David Mota Sánchez |
||
| 260 |
_aChapingo, Méx. : _b el autor |
||
| 300 | _a67 h. | ||
| 502 | _aTesis (Ing. Agr. Esp. en Parasitología Agrícola) -- UACh. Departamento Parasitología Agrícola | ||
| 650 |
_aControl de Plagas _927595 |
||
| 650 |
_aEpilachna varisvestis _9164743 |
||
| 650 |
_aFrijol _x plagas _943415 |
||
| 650 |
_aPlantas insecticidas _989010 |
||
| 710 |
_aUACh. Departamento de Parasitología Agrícola _9115877 |
||
| 901 | _aPA TESIS 212 | ||
| 902 | _aA | ||
| 905 | _a0000001984 0000000000 00 | ||
| 910 | _a1984 | ||
| 942 | _cPARA | ||
| 942 |
_cPARA _d1 |
||
| 999 |
_c204375 _d204375 |
||